| 000 -LEADER |
| fixed length control field |
00797nam a22000977a 4500 |
| 008 - FIXED-LENGTH DATA ELEMENTS--GENERAL INFORMATION |
| fixed length control field |
181119b ||||| |||| 00| 0 eng d |
| 100 ## - MAIN ENTRY--AUTHOR'S NAME |
| Author's Name |
Bayley, Edmund |
| 245 ## - TITLE STATEMENT |
| Title |
The stamps of Barbados (Volume II) |
| 260 ## - PUBLICATION, DISTRIBUTION, ETC. (IMPRINT) |
| Place of publication, distribution, etc. |
Bridgetown, Barbados |
| Name of publisher, distributor, etc. |
E.A. Bayley (Wildey, St. Michael, Barbados Printed by Cole's Printery Ltd.), |
| Date of publication, distribution, etc. |
2005 |
| 650 ## - TOPICAL TERM (Tag) |
| Topical term or geographic name |
Barbados | Production | Designs | Essays and Proofs | Plates and Plating | Errors and Varieties | Stamps -- Histories | Definitive Issues | Commemorative Issues | Coils | Postage Dues | Postal History | Postal Laws and Regulations | Demonetized Issues | Specimens | Revenues | Seals and Labels | Cinderella Material | Reissues and Reprints | Postal Stationery | Postal Stationery -- Cards | Wrappers | Air Mail -- Postal Stationery -- Air Letter Sheets | British Colonies |